Etiqueta de registo: 00254nam 2200025 450
001 2224523
003 http://id.bnportugal.gov.pt/bib/catbnp/2224523
010 ## $a978-989-735-595-0
021 ## $aPT$b544513/25
100 ## $a20250828d2025 m y0pory01030103ba
101 0# $apor
102 ## $aPT
105 ## $ay z 000zy
106 ## $ar
200 1# $aSinais inquietantes o nosso tempo$fCarlos Frayão$gpref. José Decq Mota
210 #9 $aPonta Delgada$cLetras Lavadas,$dcop. 2025
215 ## $a254 p.$d23 cm
675 ## $a821.134.3-92"19/20"$vBN$zpor$3601405
700 #1 $aFrayão,$bCarlos,$f1948-$31964799
702 #1 $aMota,$bJosé Eduardo Bicudo Decq$4080$31010200
801 #0 $aPT$bBN$gRPC
856 41 $uhttp://rnod.bnportugal.gov.pt/ImagesBN/winlibimg.aspx?skey=&doc=2224523&img=212639&save=true
900 ## $aBIBNAC$d20251002
966 ## $lBN$mFGMON$sL. 178368 V.$x1
966 ## $lBN$mFGMON$sL. 178368 V.-D$x1
971 ## $cjbeatriz$d20250828
972 ## $e0$z0$d20251002$vasantos
973 ## $cacosta$d20250922